|
|
|
|
| LEADER |
00000nnm a2200000 i 4500 |
| 001 |
dolg16366 |
| 005 |
20180912141819.0 |
| 008 |
180516suuuu hu o 000 hun d |
| 040 |
|
|
|a BGE Dolgozattár Repozitórium
|b hun
|
| 041 |
|
|
|a hu
|
| 100 |
1 |
|
|a Legény Evelin
|
| 245 |
1 |
2 |
|a A ROSSMANN MAGYARORSZÁG KFT. MARKETINGSTRATÉGIÁJA KÜLÖNÖS TEKINTETTEL A LOJALITÁS PROGRAMOKRA
|c Legény Evelin
|h [elektronikus dokumentum]
|
| 516 |
|
|
|a Project_work
|
| 695 |
|
|
|a lojalitásprogram
|
| 695 |
|
|
|a Marketingstratégia
|
| 700 |
1 |
|
|a Kovács Dr. habil András
|e ths
|
| 856 |
4 |
0 |
|u http://dolgozattar.uni-bge.hu/16366/1/Leg%C3%A9ny%20Evelin%20-%20Projektmunka.pdf
|z Dokumentum-elérés
|